02256cam a22003494a 450000100090000000300040000900500170001300800410003001000170007102000150008803500230010304000450012604200080017108200150017924501230019426000580031730000240037549000580039950400520045750509220050965000430143165000320147465000400150670000220154671000330156883000580160185600810165990600450174094200120178599900150179795200940181214351553OSt20230704090131.0060424s2005 dcu b i000 0 eng c a 2006296253 a1589064380 a(OCoLC)ocm63051053 aDBIcDBIdDBIdUNAdAFQdVP@dBAKERdDLC apcc00a339.5bLAU00aMonetary policy implementation at different stages of market development /cby a staff team led by Bernard J. Laurens. aWashington, DC :bInternational Monetary Fund,c2005. avi, 99 p. ;c28 cm.1 aOccasional paper / International Monetary Fund ;v244 aIncludes bibliographical references (p. 96-97).0 aGlossary of monetary instruments -- Pt. 1. A framework for sequencing reforms. Overview -- The growing reliance on money market operations for monetary policy -- Lessons from country experience -- Implications for policy design and coordination -- Agenda for action to enhance monetary policy effectiveness -- Sequencing reforms -- Implications for fund operations -- Pt. 2. Selected country experiences with money market operations. Case studies: Democratic Republic of the Congo ; Easter Caribbean Currency Union ; Egypt ; The Gambia ; Kyrgyz Republic ; Malta ; Tonga ; Tunisia ; Uganda ; Ukraine ; Vanuatu ; Zambia -- Appendixes. Channels of transmission of monetary policy -- Eligible assets: European Central Bank and Banque de France -- Enhancing liquidity management and forecasting -- Cross-country experiences with a liquidity surplus -- Selected cross ccountry experiences with interbank market development. 0aMonetary policyzDeveloping countries. 0aBanks and banking, Central. 0aMoney marketzDeveloping countries.1 aLaurens, Bernard.2 aInternational Monetary Fund. 0aOccasional paper (International Monetary Fund) ;v244413Table of contents onlyuhttp://www.loc.gov/catdir/toc/fy0609/2006296253.html a7bcbccpccadapd2encipf20gy-gencatlg 2ddccBK c3582d3582 00102ddc4070a002b002d2023-07-04l0o339.5 LAUp10002392r2023-07-04w2023-07-04yBK